<?xml version="1.0" encoding="UTF-8"?>
<record
    xmlns:xsi="http://www.w3.org/2001/XMLSchema-instance"
    xsi:schemaLocation="http://www.loc.gov/MARC21/slim http://www.loc.gov/standards/marcxml/schema/MARC21slim.xsd"
    xmlns="http://www.loc.gov/MARC21/slim">

  <leader>01557nabaa22002297a 4500</leader>
  <datafield tag="999" ind1=" " ind2=" ">
    <subfield code="c">6201</subfield>
    <subfield code="d">6201</subfield>
  </datafield>
  <controlfield tag="003">OSt</controlfield>
  <controlfield tag="005">20260125204700.0</controlfield>
  <controlfield tag="008">190701b        xxu||||| |||| 00| 0 spa d</controlfield>
  <datafield tag="040" ind1=" " ind2=" ">
    <subfield code="c">PJ</subfield>
  </datafield>
  <datafield tag="100" ind1=" " ind2=" ">
    <subfield code="9">4200</subfield>
    <subfield code="a">Falbo, An&#xED;bal J.</subfield>
  </datafield>
  <datafield tag="245" ind1="1" ind2="0">
    <subfield code="a">Dominio p&#xFA;blico : </subfield>
    <subfield code="b">su inevitable transmigraci&#xF3;n al derecho ambiental /</subfield>
    <subfield code="c">An&#xED;bal Falbo, Elisa Sraiber. </subfield>
  </datafield>
  <datafield tag="300" ind1=" " ind2=" ">
    <subfield code="a">p. 51-61</subfield>
  </datafield>
  <datafield tag="500" ind1=" " ind2=" ">
    <subfield code="a">Cita: TR LALEY AR/DOC/2730/2024 </subfield>
  </datafield>
  <datafield tag="505" ind1=" " ind2=" ">
    <subfield code="a">Sumario: I. Los bienes de dominio p&#xFA;blico son ambiente. De r&#xED;gido a flexible.&#x2014; II. R&#xE9;gimen jur&#xED;dico especial de derecho ambiental que potencia y reescribe el r&#xE9;gimen especial de dominio p&#xFA;blico: R&#xE9;gimen Ambiental de Dominio P&#xFA;blico.&#x2014; III. V&#xED;as de relectura y reescritura ambiental del r&#xE9;gimen especial del dominio p&#xFA;blico. El art. 41 de la CN: el proyecto constitucional ambiental.&#x2014; IV. V&#xED;as de relectura y reescritura ambiental del r&#xE9;gimen especial del dominio p&#xFA;blico. Las leyes de presupuestos m&#xED;nimos de protecci&#xF3;n ambiental.&#x2014; V. V&#xED;as de relectura y reescritura ambiental del r&#xE9;gimen especial del dominio p&#xFA;blico. C&#xF3;d. Civ. y Com.&#x2014; VI. Conclusiones finales. </subfield>
  </datafield>
  <datafield tag="505" ind1=" " ind2=" ">
    <subfield code="t">&#xBF;Te interesa el texto completo? Comunicate al correo: koha@justierradelfuego.gov.ar</subfield>
  </datafield>
  <datafield tag="650" ind1=" " ind2="0">
    <subfield code="9">211</subfield>
    <subfield code="a">DERECHO ADMINISTRATIVO</subfield>
  </datafield>
  <datafield tag="650" ind1=" " ind2="0">
    <subfield code="9">178</subfield>
    <subfield code="a">DERECHO CONSTITUCIONAL</subfield>
  </datafield>
  <datafield tag="650" ind1=" " ind2="0">
    <subfield code="9">872</subfield>
    <subfield code="a">INTERPRETACION CONSTITUCIONAL</subfield>
  </datafield>
  <datafield tag="700" ind1=" " ind2=" ">
    <subfield code="9">6933</subfield>
    <subfield code="a">Sraiber, Elisa </subfield>
  </datafield>
  <datafield tag="773" ind1="0" ind2=" ">
    <subfield code="0">2842</subfield>
    <subfield code="9">3251</subfield>
    <subfield code="d">Buenos Aires : AbeledoPerrot, 2012-</subfield>
    <subfield code="o">DA121</subfield>
    <subfield code="t">Derecho administrativo. N&#xBA; 156 noviembre/diciembre 2024</subfield>
    <subfield code="z">18510590</subfield>
  </datafield>
  <datafield tag="942" ind1=" " ind2=" ">
    <subfield code="2">udc</subfield>
    <subfield code="c">ANA</subfield>
  </datafield>
</record>
